000 00528nam a2200205 a 4500
005 20230517063538.0
008 991125n 000 0 spa u
035 _aUPN01000070513
100 1 _aLocke, John,
_d1632-1704
_929023
222 _aEL MAESTRO
245 _aLa curiosidad de los niños
300 _a218-220
362 0 _a1969 No. 10, dic.
653 0 _aDESARROLLO INFANTIL
653 0 _aNIÑOS
653 0 _aPROCESO COGNOSCITIVO
653 0 _aPSICOLOGIA INFANTIL
904 _aAC
_b008324
905 _aArticulo
999 _c65392
_d65392